000 00681nam a2200289Ia 4500
005 20260324115344.0
008 008 260324s9999 xx 000 0 eng d
020 _a9781315166858
037 _aEBOOK
040 _aCRL
040 _beng
040 _cCRL
041 _2eng
041 _aeng
084 _qCRL
100 _aDarius Bartlett; Ramesh Singh
_91154340
245 0 _aExploring Natural Hazards
245 2 _bA Case Study Approach
260 _bTaylor and Francis
260 _c2018
365 _a
365 _b385
856 _uhttp://www.taylorfrancis.com/books/9781315166858
942 _cEBOOK
999 _c1745168
_d1745168